000 00723nam a2200265 a 4500
001 40056
003 AR-BaAGN
005 20231223063235.0
007 ta
008 220625s2006 ag |||||r|||| ||||||spa d
040 _dAR-BaAGN
_aAR-BaAGN
_bspa
_eaacr
100 1 _aCicerchia, Ricardo
245 1 0 _aHistoria de la vida privada en la Argentina :
_bCuyo, entre el Atlántico y el Pacífico
250 _a1ª ed.
260 _aBuenos Aires :
_bTroquel,
_c2006.
300 _a208 páginas
336 _2rdacontent
_btxt
337 _2rdamedia
_bn
338 _2rdacarrier
_bnc
650 4 _aHISTORIA ARGENTINA
_92450
650 4 _aHISTORIA REGIONAL
_91740
651 4 _aCuyo
_92917
942 _cLIBRO
999 _c40056
_d40056